000 01060nam a2200325Ia 4500
003 OSt
005 20221007122353.0
006 a|||||r|||| 00| 0
007 ta
008 221006b |||||||| |||| 00| 0 eng d
020 _a9788181282002 (pbk)
024 _a82741
037 _b1620, 15/12/2008, New India Book Agency
_cTextbook
040 _aPAPL
_cPAPL
_beng
041 _2eng
_aeng
082 _aC21:(D), P4 Carpa
100 _aDelerue C
_9457097
245 0 _aNanostructures:theory and modeling
_b Lannoo M
260 _aNew
_bDelhi Springer
_c2004
300 _aix, 304p.
_ccm.
490 _aNanoscience and technology
500 _a''References 281-297p''.; ''Index 299-304p''.
650 _a Optical properties
_9713793
650 _a Quantum confined system
_9714133
650 _a Radiative processes
_9714134
650 _aPhysics
700 _a Lannoo M
_9457098
942 _hC21:(D), P4 Carpa
_cTB
_2CC
999 _c1210226
_d1210226